Statistics for FIFA World Cup 2018 Host Cities

Click here to take the quiz!

General Stats

  • This quiz has been taken 435 times
  • The average score is 6 of 11

Answer Stats

Host City % Correct
Moscow
100%
Saint Petersburg
93%
Sochi
60%
Kazan
59%
Yekaterinburg
57%
Nizhny Novgorod
53%
Volgograd
53%
Samara
47%
Rostov-on-Don
45%
Kaliningrad
40%
Saransk
18%

Score Distribution

Percentile by Number Answered

Percent of People with Each Score

Your Score History

You have not taken this quiz